| 000 | 01021nam0a22002411 4500 | ||
|---|---|---|---|
| 001 | rc\1171587 | ||
| 005 | 20260407095313.0 | ||
| 035 | _a(NLR Aleph) 006414569 | ||
| 090 |
_a5382656 _c5382656 |
||
| 100 | _a20041129d1980 |||y0rusy50 ca | ||
| 101 | 0 | _arus | |
| 102 | _aRU | ||
| 105 | _ay ||||||||| | ||
| 200 | 1 |
_aЭкономические проблемы повышения качества продукции _eМежвуз. сб. статей _fСев.-Осет. гос. ун-т им. К.Л. Хетагурова _g[Редкол.: Колиев А.Ф. (отв. ред.) и др.] |
|
| 210 |
_aОрджоникидзе _cСОГУ _d1980 |
||
| 215 |
_a135 с. _d21 |
||
| 702 | 1 |
_aКолиев _bА.Ф. _gАнатолий Федорович _4340 |
|
| 712 | 0 | 2 |
_aСеверо-Осетинский университет им. К. Л. Хетагурова _cОрджоникидзе _3RU\NLR\AUTH\889922571 _9341127 |
| 801 | 0 |
_aRU _bNLR _gpsbo |
|
| 801 | 1 |
_aRU _bELAR _2rusmarc |
|
| 852 |
_aNLR _j81-5/4546 |
||
| 942 | _cBOOK | ||
| 980 | _aNB | ||